Learning Resource and Development

Quantitative research methods in communication : (Record no. 28538)

MARC details
000 -LEADER
fixed length control field 03604cam a22004098i 4500
001 - CONTROL NUMBER
control field 21788781
003 - CONTROL NUMBER IDENTIFIER
control field CSPC
005 - DATE AND TIME OF LATEST TRANSACTION
control field 20241205161038.0
008 - FIXED-LENGTH DATA ELEMENTS--GENERAL INFORMATION
fixed length control field 201104s2021 nyu b 001 0 eng
010 ## - LIBRARY OF CONGRESS CONTROL NUMBER
LC control number 2020049963
020 ## - INTERNATIONAL STANDARD BOOK NUMBER
International Standard Book Number 9780367547851
Qualifying information (paperback)
040 ## - CATALOGING SOURCE
Original cataloging agency DLC
Language of cataloging eng
Description conventions rda
Transcribing agency DLC
Modifying agency CSPC
042 ## - AUTHENTICATION CODE
Authentication code pcc
050 00 - LIBRARY OF CONGRESS CALL NUMBER
Classification number HM671
Item number .S353 2021
082 00 - DEWEY DECIMAL CLASSIFICATION NUMBER
Classification number 303.372
Edition number 23
Item number Sch178q
100 1# - MAIN ENTRY--PERSONAL NAME
Personal name Scharrer, Erica,
Relator term author.
245 10 - TITLE STATEMENT
Title Quantitative research methods in communication :
Remainder of title the power of numbers for social justice /
Statement of responsibility, etc. Erica Scharrer, Srividya Ramasubramanian.
263 ## - PROJECTED PUBLICATION DATE
Projected publication date 2105
264 #1 - PRODUCTION, PUBLICATION, DISTRIBUTION, MANUFACTURE, AND COPYRIGHT NOTICE
Place of production, publication, distribution, manufacture New York, NY :
Name of producer, publisher, distributor, manufacturer Routledge,
Date of production, publication, distribution, manufacture, or copyright notice 2021.
300 ## - PHYSICAL DESCRIPTION
Extent xx, 362 pages ;
Dimensions 25 cm.
336 ## - CONTENT TYPE
Content type term text
Content type code txt
Source rdacontent
337 ## - MEDIA TYPE
Media type term unmediated
Media type code n
Source rdamedia
338 ## - CARRIER TYPE
Carrier type term volume
Carrier type code nc
Source rdacarrier
490 0# - SERIES STATEMENT
Series statement Routledge social justice communication activism series
504 ## - BIBLIOGRAPHY, ETC. NOTE
Bibliography, etc. note Includes bibliographical references and index.
505 0# - FORMATTED CONTENTS NOTE
Formatted contents note Foundations and definitions -- Ethical considerations -- Operationalization and otherness -- Sampling and representation -- Soliciting opinions through survey research -- Studying responses through experimental methods -- Examining communication content in content analysis research -- Calculations and complexity -- Statistical analysis: from principles to practice -- Mixed methods: triangulating with qualitative research -- Community partnerships and participatory research -- Communicating research for publication, policy, and the public.
520 ## - SUMMARY, ETC.
Summary, etc. "This textbook is an advanced introduction to quantitative methods for students in communication and allied social science disciplines that focuses on why and how to conduct research that contributes to social justice. Today's researchers are inspired by the potential for scholarship to make a difference for society, to push toward more just and equitable ends, and to inform members of the public so that they can make decisions about how to navigate the social, cultural, and political world equipped with accurate, fair, and up-to-date knowledge. This book illustrates the mechanics and the meaning behind quantitative research methods by drawing extensively from studies conducted by researchers addressing questions of social justice and the transformation of structures, practices, and understandings in society through community and civic engagement and policy formation. It contains step-by-step guidance in quantitative methods--from conceptualization through all the stages of execution of a study--and demonstrates how researchers can engage with social justice issues in systematic, rigorous, ethical, and meaningful ways. This text serves as a core or supplementary textbook for graduate and advanced undergraduate courses in research methods for communication and social sciences and fills a gap for a methods text that is responsive to the desire of scholars to conduct socially impactful research"--
Assigning source Provided by publisher.
650 #0 - SUBJECT ADDED ENTRY--TOPICAL TERM
Topical term or geographic name entry element Social justice
General subdivision Research
-- Methodology.
650 #0 - SUBJECT ADDED ENTRY--TOPICAL TERM
Topical term or geographic name entry element Quantitative research.
650 #0 - SUBJECT ADDED ENTRY--TOPICAL TERM
Topical term or geographic name entry element Communication
General subdivision Study and teaching.
700 1# - ADDED ENTRY--PERSONAL NAME
Personal name Ramasubramanian, Srividya,
Dates associated with a name 1975-
Relator term author.
776 08 - ADDITIONAL PHYSICAL FORM ENTRY
Relationship information Online version:
Main entry heading Scharrer, Erica,
Title Quantitative research methods in communication
Place, publisher, and date of publication New York : Routledge, 2021.
International Standard Book Number 9781003091653
Record control number (DLC) 2020049964
906 ## - LOCAL DATA ELEMENT F, LDF (RLIN)
a 7
b cbc
c orignew
d 1
e ecip
f 20
g y-gencatlg
942 ## - ADDED ENTRY ELEMENTS (KOHA)
Source of classification or shelving scheme Dewey Decimal Classification
Koha item type Books
Edition 23
Classification part 303.372
Item part Sch178q
Call number prefix CIR
Call number suffix 2021
Suppress in OPAC No
Holdings
Withdrawn status Lost status Source of classification or shelving scheme Damaged status Not for loan Home library Current library Shelving location Date acquired Total Checkouts Full call number Barcode Date last seen Copy number Price effective from Koha item type
    Dewey Decimal Classification     Main Library Main Library Circulation Section 12/05/2024   CIR 303.372 Sch178q 2021 028580 12/05/2024 1-1 12/05/2024 Books